00905 a2200157 4500020001500000040001300015245012200028250002700150260003300177300002400210500010800234520033900342650002100681650003200702700001300734 a3540661158 aDLCbDLC10aParticles and nuclei: an introduction to the physical conceptsban introduction to the physical conceptscBogdan Povh a2nd, rev. and enl. ed. aNew York :bSpringer,c1999. axii, 389 p. :bill. a"The second English edition has been updated from the fifth edition of the original German text"--Pref.1 a"This introductory textbook gives a unified presentation of nuclear and particle physics from an experimental point of view."--BK JACKET. "This concise text is based on lectures held at the University of Heidelberg and is well suited for advanced undergraduate courses. It includes numerous exercises with worked answers."--BK JACKET. 0aNuclear physics. 0aParticles (Nuclear physics)1 aPovh, B.